000 00348 a2200109 4500
001 ART_12063
005 20260410161903.0
008 260409a
245 1 0 _aIncomplete observations and simultaneous-equations models
100 1 _aDagenais, Marcel G.
773 0 _tJournal of econometrics
_g- Vol. 4, NÂș 3 (ago. 1976)
_wREV11720
999 _c26061
_d26061